000 00320nam a22001217a 4500
082 _a338.1842MID.
245 _aBritains agriculture today.
250 _a2 edition.
260 _aLondon.
_bPublic relations department, Midland Bank Limited.
_c1968.
300 _a32p.
_b25cm.
650 _aAgriculture today.
942 _cBK
999 _c13098
_d13098